Rap FR - Statistiques

Statistiques générales
  • Ce quiz a été pris 72 fois
    17 depuis la dernière actualisation
  • Le résultat moyen est 26 sur 40
Statistiques - réponses
Questions Réponses % Correct
Quel rappeur est surnomé "Le Duc" ? Booba
100%
Quel rappeur belge a sorti Ipséité ? Damso
100%
Quel rappeur marseillais est connu pour le titre Tchikita ? Jul
100%
Quel rappeur est connu pour le titre RR 9.1 ? Koba la D
100%
Quel rappeur est connu pour le morceau La Kiffance ? Naps
100%
Quel rappeur est connu pour les projets M.I.L.S et Jefe ? Ninho
100%
Quel rappeur est connu pour le morceau Réseaux ? Niska
100%
Quel rappeur est connu pour le titre Petrouchka ? PLK
100%
Quel rappeur marseillais est connu pour Bande organisée et Fusil ? SCH
100%
Quel rappeur est connu pour le projet A7 ? SCH
100%
Quel rappeur est connu pour le titre Djomb ? Bosh
93%
Quel rappeur est connu pour Freeze Raël ? Freeze Corleone
93%
Quel rappeur a sorti l’album Feu en 2015 ? Nekfeu
93%
Quel rappeur est connu pour Moulaga ? Heuss l'enfoiré
86%
Quel rappeur martiniquais est connu pour Mwaka Moon ? Kalash
86%
Quel rappeur est connu pour Popopop ? Gambi
79%
Quel rappeur a sortie l'album "Civilisation" ? Orelsan
79%
Quel rappeur du 92 est connu pour le titre Bolide allemand ? SDM
79%
Quel rappeur est connu pour l'album Château noir ? Kaaris
71%
Quel rappeur belge est connu pour Tout oublier avec Angèle ? Roméo Elvis
71%
Quel rappeur est connu pour l’émission Rentre dans le cercle ? Sofiane
71%
Quel rappeur a sorti Ce monde est cruel ? Vald
64%
Quel rappeur est connu pour les albums Carré et Pyramide ? Werenoi
64%
Quel rappeur est connu pour les albums Flip et Jeannine ? Lomepal
57%
Quel rappeur est connu pour les albums Imany et Stamina ? Dinos
50%
Quel rappeur est connu pour le titre Mafiosa ? Lartiste
50%
Quel rappeur est connu pour l’album Trinity ? Laylow
50%
Quel rappeur est connu pour Loup Garou ? Gims
43%
Quel rappeur est connu pour Lettre à la République ? Kery James
43%
Quel rappeur est connu pour Caroline ? MC Solaar
43%
Quel rappeur est connu pour les titres Bonjour et Anissa ? Wejdene
43%
Quel rappeur marseillais a sorti l’album Avenue de Saint-Antoine ? Alonzo
36%
Quel rappeur belge est connu pour Sadio ? Hamza
36%
Quel membre de NTM est aussi connu sous le nom Jaguar Gorgone ? Joey Starr
36%
Quel rappeur s’appelait autrefois Joke ? Ateyaba
29%
Quel rappeur est connu pour les albums Perestroïka et Vidalo$$a ? Dosseh
29%
Quel rappeur a sorti La Colombe et Le Corbeau ? Soprano
29%
Quel membre de Sniper a sorti Le regard des gens ? Tunisiano
21%
Quel rappeur est connu pour Sur la vie de ma mère et son style très mélodique ? Tiakola
7%
Quel rappeur est connu pour La Mélodie des briques ? Nessbeal
0%
Aucun quiz correspondant
Distribution des résultats
% des personnes avec chaque résultat
Percentile par nombre de réponses
Votre historique - résultats
Vous n’avez pas pris ce quiz depuis la dernière actualisation